| 000 | 01198cam a2200313 4500 | ||
|---|---|---|---|
| 001 | 5082 | ||
| 005 | 20181127174740.0 | ||
| 008 | 140916s2014 mau c 000 1 eng | ||
| 010 | _a 2014381009 | ||
| 020 | _a9780007395200 | ||
| 043 | _ae-dk--- | ||
| 100 | 1 | _aLowry, Lois. | |
| 245 | 1 | 0 |
_aNumber the stars / _cLois Lowry. |
| 250 | _a25th anniversary edition. | ||
| 264 | 1 |
_aLondon : _a _bHarperCollins Children's Books, _c2011. |
|
| 300 |
_a169 pages ; _c22 cm |
||
| 336 |
_atext _btxt _2rdacontent |
||
| 337 |
_aunmediated _bn _2rdamedia |
||
| 338 |
_avolume _bnc _2rdacarrier |
||
| 500 | _a""With an introduction by the author""-- Dust jacket. | ||
| 500 | _aOriginally published: Boston : Houghton Mifflin Company, 1989. | ||
| 520 | _aIn 1943, during the German occupation of Denmark, ten-year-old Annemarie learns how to be brave and courageous when she helps shelter her Jewish friend from the Nazis. | ||
| 586 | _aNewbery Medal, 1990. | ||
| 650 |
_a Holocaust, Jewish (1939-1945) -- Fiction. _v _x _y _z _2 |
||
| 650 | 1 |
_aFriendship _vFiction. |
|
| 650 | 1 |
_aWorld War, 1939-1945 _xJews _xRescue _vFiction. |
|
| 650 | 1 |
_aWorld War, 1939-1945 _zDenmark _vFiction. |
|
| 651 | 1 |
_aDenmark _vFiction. |
|
| 999 |
_c4247 _d4247 |
||